[Event "POL-chT U19 2nd League"]
[Site "Iwonicz"]
[Date "2015.08.01"]
[Round "7.76"]
[White "Szarota, Jakub"]
[Black "Syrkiewicz, Michal"]
[Result "1-0"]
[WhiteElo "1264"]
[BlackElo "1007"]
[PlyCount "63"]
[EventDate "2015.07.25"]
[EventType "team-swiss"]
[EventRounds "11"]
[EventCountry "POL"]
[SourceTitle "EXT 2019"]
[Source "ChessBase"]
[SourceDate "2018.10.10"]
[SourceVersion "1"]
[SourceVersionDate "2018.10.10"]
[SourceQuality "1"]
[WhiteTeam "Nowy Sacz Sandecja U19"]
[BlackTeam "Zielonka Zieloni U19"]
[WhiteTeamCountry "POL"]
[BlackTeamCountry "POL"]

1. d4 d5 2. c4 e6 3. Nc3 Nf6 4. Bg5 Be7 5. Nf3 c6 6. e3 Nbd7 7. Bd3 dxc4 8. Bxc4 h6 9. Bh4 0-0 10. 0-0 Qc7 11. e4 e5 12. d5 Rd8 13. dxc6 Qxc6 14. Bb5 Qc7 15. Rc1 Nc5 16. Qe2 Be6 17. Na4 a6 18. Bd3 Rxd3 19. Qxd3 Nxd3 20. Rxc7 Bd6 21. Rxb7 Nxe4 22. Rd1 Rc8 23. h3 Ndc5 24. Nxc5 Bxc5 25. Nxe5 g5 26. Nd7 gxh4 27. Nxc5 Rxc5 28. f3 Ng3 29. Rb4 Rc2 30. Rxh4 Kg7 31. Ra4 Bxh3 32. Kh2 1-0